000 00687nam a2200205 i 4500
001 124538
003 ES-MaACL
007 t|
008 070329s1936 sp ||||1| spa d
080 _a332/339
100 1 _aCannan, Edwin.
_934515
245 1 3 _aLa riqueza
_b: una breve explicación de las causas de bienestar económico /
_cEdwin Cannan ; traducción de la tercera edición inglesa por Luis Alvarez-Vigil.
260 _aBarcelona :
_bLabor,
_c[1936]
300 _a341 p. ;
_c17 cm.
490 1 _aColección Labor ;
_v376, 377
700 1 _aAlvarez-Vigil, Luis.
_920994
830 0 0 _aColección Labor
_v376, 377
_9184254
852 _aES-MaACL
_jE-2850
999 _c124538
_d124538